|
|
|
|
| LEADER |
00000nam0a2200000 4500 |
| 001 |
240250 |
| 005 |
20231101231729.0 |
| 010 |
|
|
|a 5726003187
|
| 020 |
|
|
|a RU
|b 90-40542
|
| 035 |
|
|
|a (RuTPU)RU\TPU\book\261501
|
| 090 |
|
|
|a 240250
|
| 100 |
|
|
|a 20130619d1990 k a0rusy5003 ca
|
| 101 |
0 |
|
|a rus
|
| 102 |
|
|
|a RU
|
| 105 |
|
|
|a y z 000zy
|
| 200 |
1 |
|
|a Энергоснабжение предприятий
|e правовые вопросы
|e практическое пособие
|f А. М. Шафир
|
| 210 |
|
|
|a Москва
|c Юридическая литература
|d 1990
|
| 215 |
|
|
|a 144 с.
|d 20 см
|
| 320 |
|
|
|a Библиогр. в примеч.: с. 138-141.
|
| 606 |
1 |
|
|a Энергоснабжение предприятий
|2 stltpush
|3 (RuTPU)RU\TPU\subj\21369
|9 46377
|
| 610 |
1 |
|
|a правовое регулирование
|
| 610 |
1 |
|
|a теплоснабжение
|
| 610 |
1 |
|
|a газоснабжение
|
| 610 |
1 |
|
|a договора
|
| 610 |
1 |
|
|a заключение
|
| 610 |
1 |
|
|a правовое обеспечение
|
| 610 |
1 |
|
|a окружающая среда
|
| 610 |
1 |
|
|a охрана
|
| 675 |
|
|
|a 658.26
|v 3
|
| 700 |
|
1 |
|a Шафир
|b А. М.
|4 070
|
| 801 |
|
0 |
|a RU
|b RuMRKP
|c 19950417
|g psbo
|
| 801 |
|
1 |
|a RU
|b 63413507
|c 20130619
|
| 801 |
|
2 |
|a RU
|b 63413507
|c 20130626
|g RCR
|
| 942 |
|
|
|c BK
|